000 004220000a22001690004500
003 MACL
005 20160105150652.0
008 160105b xxu||||| |||| 00| 0 eng d
040 _aMACL
_cMACL
041 _aEnglish
082 _a824/CLA
100 _aMazzini, Joseph
_928115
245 _aMazzinis Essays
260 _bThe Walter Scott publishing co Ltd
_aLondon
650 _aEssays
_928116
942 _cBK
_k824/CLA
_2ddc
999 _c36403
_d36403